000
00332nam a2200145Ia 4500
008
191201s2008 xx 000 0 und d
082
_a
658.3
_b
PAH
100
_a
PATTANAYAK, Biswajeet
245
0
_a
Human Resource Management
250
_a
3rd
260
_a
N.Delhi
_b
PHI
_c
2008
300
_a
484
650
_a
MBA
942
_2
ddc
_c
BK
999
_c
3583
_d
3583